000 01143nam a2200253 a 4500
001 78779
003 BD-RjUL
005 20231018110358.0
008 211114s1990 ir ||||| |||| 00| 0 per d
020 _a9646371485
035 _a(BD-RjUL)79006
040 _aBD-RjUL
_beng
_cBD-RjUL
041 _aper
082 _223
_a891.555
_bMOF 1999
100 1 _amoghaddam, ahmad saffar = مقدم, احمد صفار
_9249964
245 1 0 _aفارسى عمومى : ساختارهاى پايه.;; Fārsī-i ʻumūmī 1 : sākhtārhā-yi pāyah ; Shūrā-yi Gustarish-i Zabān va Adabīyāt-i Fārsī./ /
_cاحمد صفار مقدم = A. Ṣaffār Moghaddam
260 _a Tihrān :
_bدبيرخانۀ شوراى گسترش زبان و ادبيات فارسى،;; Dabīrkhānah-i Shūrā-yi Gustarish-i Zabān va Adabīyāt-i Fārsī,
_c1999
300 _a14, 347, [1] pages :
_bcolor illustrations ;
_c24 cm
490 _aPersian textbook collection.
650 _aPersian language
_vTextbooks for foreign speakers -- English.
_9249965
650 _aPersian language.
_9249966
830 _aPersian textbook collection.
_99654
942 _2ddc
_cBK
999 _c78779
_d78779